SAE questões Enem (Record no. 64334)

MARC details
000 -LÍDER
campo de controle de tamanho fixo 00370 a2200157 4500
001 - NÚMERO DE CONTROLE
campo de controle 64334
020 ## - ISBN - INTERNATIONAL STANDARD BOOK NUMBER
ISBN - International Standard Book Number 9788595053144
040 ## - FONTE DA CATALOGAÇÃO
Instituição que transcreveu o registro Anchieta - Pituba
100 ## - ENTRADA PRINCIPAL--NOME PESSOAL
Nome pessoal SAE Digital
240 10 - TÍTULO UNIFORME
Título uniforme SAE questões Enem
Idioma da obra por
245 10 - TÍTULO
Título SAE questões Enem
300 ## - DESCRIÇÃO FÍSICA
Extensão 446
362 0# - DATAS DE PUBLICAÇÃO E/OU DESIGNAÇÃO SEQUENCIAL
Datas de publicação e/ou designação sequencial 2017
650 #4 - ASSUNTO--TERMO TÓPICO
Cabeçalho tópico ou nome geográfico . Vestibulares / Exames de admissão em universidades
942 ## - ELEMENTOS DE ENTRADA ADICIONADOS (KOHA)
Tipo de material Koha Livros
Holdings
Situação do descarte Situação das perdas Situação física Não pode ser emprestado Biblioteca de origem Biblioteca atual Data de aquisição Total de empréstimos Número de chamada completo Código de barras Data de último acesso Data do preço efetivo Tipo de material Koha Data do último empréstimo
        Colégio Anchieta - Pituba Colégio Anchieta - Pituba 21/11/2023   378.161 S127s SAE 18510/PIT 21/11/2023 21/11/2023 Livros  
        Colégio Anchieta - Pituba Inspira 21/11/2023 2 378.161 S127s SAE 23938/PIT 21/11/2023 21/11/2023 Livros 21/11/2023